<?xml version="1.0" encoding="UTF-8"?>
<record
    xmlns:xsi="http://www.w3.org/2001/XMLSchema-instance"
    xsi:schemaLocation="http://www.loc.gov/MARC21/slim http://www.loc.gov/standards/marcxml/schema/MARC21slim.xsd"
    xmlns="http://www.loc.gov/MARC21/slim">

  <leader>01721nam a2200157   4500</leader>
  <controlfield tag="008">700.92 OL45m</controlfield>
  <datafield tag="082" ind1=" " ind2=" ">
    <subfield code="a">700.92 </subfield>
    <subfield code="b">OL45m</subfield>
  </datafield>
  <datafield tag="100" ind1=" " ind2=" ">
    <subfield code="a">Ram&#xED;rez, Mari Carmen</subfield>
    <subfield code="9">1764</subfield>
  </datafield>
  <datafield tag="110" ind1=" " ind2=" ">
    <subfield code="a">MONDONGO</subfield>
    <subfield code="9">7223</subfield>
  </datafield>
  <datafield tag="245" ind1=" " ind2=" ">
    <subfield code="a">MONDONGO est&#xE1; en el detalle...</subfield>
    <subfield code="c">26,6 x 29,5 cm</subfield>
  </datafield>
  <datafield tag="260" ind1=" " ind2=" ">
    <subfield code="a">Buenos Aires</subfield>
    <subfield code="b">MONDONGO</subfield>
    <subfield code="c">2017</subfield>
  </datafield>
  <datafield tag="300" ind1=" " ind2=" ">
    <subfield code="a">196 p. </subfield>
    <subfield code="b">il. (col)</subfield>
    <subfield code="c">26,6 x 29,5 cm</subfield>
  </datafield>
  <datafield tag="505" ind1=" " ind2=" ">
    <subfield code="t">Indice</subfield>
    <subfield code="t">Presentaci&#xF3;n </subfield>
    <subfield code="t">Entrando en detalle: el arte y artistas de otra &#xED;ndole </subfield>
    <subfield code="t">Introducci&#xF3;n</subfield>
    <subfield code="t">MONDONGO est&#xE1; en el detalle: di&#xE1;logo con Theodor Adorno y los artistas</subfield>
    <subfield code="t">La intensidad de las tensiones</subfield>
    <subfield code="t">El encantamiento desencantado</subfield>
    <subfield code="t">La desartistizaci&#xF3;n</subfield>
    <subfield code="t">La microest&#xE9;tica del detalle </subfield>
    <subfield code="t">La mente fragmentaria </subfield>
    <subfield code="t">Esencia colectiva y posibilidad </subfield>
    <subfield code="t">Restos objetuales </subfield>
    <subfield code="t">T&#xE9;cnica como toma de posici&#xF3;n</subfield>
    <subfield code="t">Historia constitutiva del material </subfield>
    <subfield code="t">Autenticidad y desalienaci&#xF3;n </subfield>
    <subfield code="t">Parodia negativa recontrabarroca </subfield>
    <subfield code="t">La constelaci&#xF3;n del payaso y el mono </subfield>
    <subfield code="t">La intrahistoria del detalle: el efecto archimboldo </subfield>
    <subfield code="t">La interioridad exteriorizada </subfield>
    <subfield code="t">Ruptura de la unidad: el reti-made </subfield>
    <subfield code="t">El recontrapoder del fragmento </subfield>
    <subfield code="t">La vitalidad de la muerte </subfield>
    <subfield code="t">&#xBF;Querer utopia hoy...?</subfield>
    <subfield code="t">Colof&#xF3;n </subfield>
    <subfield code="t">Para m&#xE1;s detalles: di&#xE1;logo con Jacques Ranci&#xE8;re y los artistas </subfield>
    <subfield code="t">El animal apol&#xED;tico</subfield>
    <subfield code="t">R&#xE9;gimen est&#xE9;tico </subfield>
    <subfield code="t">El poderoso &#xE1;tomo </subfield>
    <subfield code="t">La vida rotativa </subfield>
    <subfield code="t">La tesis del par&#xE9;ntesis </subfield>
    <subfield code="t">La ruinas circulares </subfield>
    <subfield code="t">Coda </subfield>
    <subfield code="t">(Ultimando detalles): los autores y las obras mencionadas </subfield>
    <subfield code="t">Sobre el autor </subfield>
    <subfield code="t">Sobre los artistas </subfield>
    <subfield code="t">Obras referidas (series)</subfield>
    <subfield code="t">Calaveras </subfield>
    <subfield code="t">Retratos </subfield>
    <subfield code="t">Retablos </subfield>
    <subfield code="t">Romeo y Julieta </subfield>
    <subfield code="t">R&#xED;o de la Plata </subfield>
    <subfield code="t">Negra </subfield>
    <subfield code="t">Merca </subfield>
    <subfield code="t">Roja </subfield>
    <subfield code="t">Tener un mundo </subfield>
    <subfield code="t">Argentina </subfield>
    <subfield code="t">Di&#xE1;logos </subfield>
  </datafield>
  <datafield tag="650" ind1=" " ind2=" ">
    <subfield code="x">arte contempor&#xE1;neo </subfield>
    <subfield code="x">arte - colectivos </subfield>
    <subfield code="x">Argentina </subfield>
    <subfield code="x">arte - biograf&#xED;a </subfield>
    <subfield code="9">7224</subfield>
  </datafield>
  <datafield tag="700" ind1=" " ind2=" ">
    <subfield code="a">Olea, H&#xE9;ctor </subfield>
    <subfield code="9">7225</subfield>
  </datafield>
  <datafield tag="999" ind1=" " ind2=" ">
    <subfield code="c">1866</subfield>
    <subfield code="d">1866</subfield>
  </datafield>
  <datafield tag="952" ind1=" " ind2=" ">
    <subfield code="0">0</subfield>
    <subfield code="1">0</subfield>
    <subfield code="2">ddc</subfield>
    <subfield code="4">0</subfield>
    <subfield code="7">0</subfield>
    <subfield code="a">LV</subfield>
    <subfield code="b">LV</subfield>
    <subfield code="c">Colectivas</subfield>
    <subfield code="d">2019-10-31</subfield>
    <subfield code="l">0</subfield>
    <subfield code="o">700.92  OL45m</subfield>
    <subfield code="p">002176</subfield>
    <subfield code="r">2019-10-31 00:00:00</subfield>
    <subfield code="w">2019-10-31</subfield>
    <subfield code="y">01</subfield>
  </datafield>
</record>
